Плиты вытяжных штампов для листовой штамповки (заготовки). Конструкция и размеры; ГОСТ 19857-74 Плиты прямоугольные вытяжных штампов для листовой штамповки (заготовки). Конструкция и размеры; ГОСТ 19858-74 Плиты круглые вытяжных штампов для листовой штамповки (заготовки). Конструкция и размеры; ГОСТ 19859-74 Плиты вытяжных штампов для листовой штамповки (заготовки). Технические требования

Détails bibliographiques
Collectivité auteur: СССР Государственный комитет по стандартам (Госстандарт)
Langue:russe
Publié: Москва, Изд-во стандартов, 1983
Édition:Изд. офиц.
TOC:ГОСТ 19857-74 Плиты прямоугольные вытяжных штампов для листовой штамповки (заготовки). Конструкция и размеры;
ГОСТ 19858-74 Плиты круглые вытяжных штампов для листовой штамповки (заготовки). Конструкция и размеры;
ГОСТ 19859-74 Плиты вытяжных штампов для листовой штамповки (заготовки). Технические требования;
Collection:Государственные стандарты
Sujets:
Format: MixedMaterials Livre
KOHA link:https://koha.lib.tpu.ru/cgi-bin/koha/opac-detail.pl?biblionumber=156868

MARC

LEADER 00000nam0a2200000 4500
001 156868
005 20231031153428.0
035 |a (RuTPU)RU\TPU\book\170120 
035 |a RU\TPU\book\169929 
090 |a 156868 
100 |a 20090331d1983 km y0rusy50 ca 
101 0 |a rus 
102 |a RU 
105 |a a l 000zy 
200 1 |a Плиты вытяжных штампов для листовой штамповки (заготовки). Конструкция и размеры 
205 |a Изд. офиц. 
210 |a Москва  |c Изд-во стандартов  |d 1983 
215 |a 22 с.  |c ил. 
225 1 |a Государственные стандарты 
464 |t ГОСТ 19857-74 Плиты прямоугольные вытяжных штампов для листовой штамповки (заготовки). Конструкция и размеры 
464 |t ГОСТ 19858-74 Плиты круглые вытяжных штампов для листовой штамповки (заготовки). Конструкция и размеры 
464 |t ГОСТ 19859-74 Плиты вытяжных штампов для листовой штамповки (заготовки). Технические требования 
610 1 |a стандарты 
610 1 |a ГОСТы 
610 1 |a плиты 
610 1 |a штампы 
610 1 |a листовая штамповка 
610 1 |a заготовки 
610 1 |a конструкция 
610 1 |a размеры 
610 1 |a технические требования 
712 0 1 |a СССР  |b Государственный комитет по стандартам (Госстандарт)  |c (1978-1989)  |2 stltpush  |3 (RuTPU)RU\TPU\col\12454 
801 2 |a RU  |b 63413507  |c 20221208  |g PSBO 
942 |c BK